000 00312nam a22001337a 4500
008 181121b xxu||||| |||| 00| 0 eng d
020 _a9780130464897
041 _aeng
080 _a311
100 _a55
101 _aSTA
245 _aStatistics Informed Decision Using Data
_cSullivan.M
942 _2udc
_cBK
999 _c52264
_d52264